Bonifác zase řádí v psí školce /

Hlavní autor: Gecková, Iva
Další autoři: Sušina, Michal
Jazyk: Čeština
Vydáno: Praha : Bambook, 2018
Vydání: Vydání 1.
Edice: Pohádkové čtení (Bambook)
Témata:
Fyzický popis: 85 stran : barevné ilustrace ; 25 cm
Knihy
Uloženo v:
LEADER 01608nam a2200457 i 4500
001 nkc20183047604
003 CZ PrNK
005 20191106135048.0
007 ta
008 181115s2018 xr a b 000 j cze
015 |a cnb003047604 
020 |a 978-80-247-2530-7  |q (vázáno) 
035 |a (OCoLC)1078645494 
040 |a ABA001  |b cze  |e rda 
072 7 |a 821.162.3-3  |x Česká próza  |2 Konspekt  |9 25 
072 7 |a 821-93  |x Literatura pro děti a mládež (beletrie)  |2 Konspekt  |9 26 
080 |a 821.162.3-32  |2 MRF 
080 |a 821-93  |2 MRF 
080 |a (0:82-32)  |2 MRF 
100 1 |a Gecková, Iva  |7 ola2018982229  |4 aut 
245 1 0 |a Bonifác zase řádí v psí školce /  |c Iva Gecková ; ilustroval Michal Sušina 
250 |a Vydání 1. 
264 1 |a Praha :  |b Bambook,  |c 2018 
300 |a 85 stran :  |b barevné ilustrace ;  |c 25 cm 
336 |a text  |b txt  |2 rdacontent 
337 |a bez média  |b n  |2 rdamedia 
338 |a svazek  |b nc  |2 rdacarrier 
490 1 |a Pohádkové čtení 
500 |a "Vydala Grada Publishing a.s., pod značkou Bambook"--Rub titulní stránky 
655 7 |a české příběhy  |7 fd133973  |2 czenas 
655 7 |a publikace pro děti  |7 fd133156  |2 czenas 
655 9 |a Czech stories  |2 eczenas 
655 9 |a children's literature  |2 eczenas 
700 1 |a Sušina, Michal  |7 xx0177392  |4 ill 
830 0 |a Pohádkové čtení (Bambook)  |0 s 
910 2 |a BOA001  |b 2-1418.012 
928 9 |a Grada Publishing - Bambook 
990 |a BK 
995 |a 01 
991 |b 201811  |c NOV 
996 6 |b 2610760725  |c 2-1418.012  |l MZK  |r Sklad / do 1 hodiny  |n 0  |p p.v.  |w 001694860  |u 000010  |a 1  |e BOA001  |j MZK50  |s P